El paraiso, al oeste de formosa : la vida de una familia pampeana /
Guardado en:
| Autor Principal: | |
|---|---|
| Formato: | Libro |
| Publicado: |
La Pampa :
Del Autor,
1990
|
| Materias: | |
| Etiquetas: |
Agregar Etiqueta
Sin Etiquetas, Sea el primero en etiquetar este registro!
|
| LEADER | 00615nam a22001935a 4500 | ||
|---|---|---|---|
| 001 | CEM.cems001605 | ||
| 005 | 20101213125825.0 | ||
| 008 | 130507s1990##################000#0#####d | ||
| 003 | CEMS | ||
| 082 | 0 | 4 | |a A863.4 |
| 100 | 1 | |a Chaparro Aguirre de Cuelle, Elsa M. | |
| 245 | 1 | 0 | |a El paraiso, al oeste de formosa : |b la vida de una familia pampeana / |c Elsa M. Chaparro Aguirre de Cuelle |
| 260 | |a La Pampa : |b Del Autor, |c 1990 | ||
| 300 | |a 104 p. | ||
| 653 | |a Literatura | ||
| 653 | |a La pampa-descripción | ||
| 653 | |a Novelas | ||
| 653 | |a Novela argentina | ||
| 859 | |a CEMS |b BIB. CEMS - 11 de abril |h A863.4 |i Ch365 |p 16448.91 |t Ej.1 | ||
